У дороги : (Record no. 242456)
[ view plain ]
| 000 -LEADER | |
|---|---|
| fixed length control field | 01298nam a2200289 u 4500 |
| 001 - CONTROL NUMBER | |
| control field | 000593884 |
| 003 - CONTROL NUMBER IDENTIFIER | |
| control field | AM-YeHGA |
| 005 - DATE AND TIME OF LATEST TRANSACTION | |
| control field | 20250618073518.0 |
| 008 - FIXED-LENGTH DATA ELEMENTS--GENERAL INFORMATION | |
| fixed length control field | 080801s1982 |||| |||||||||||||rus d |
| 040 ## - CATALOGING SOURCE | |
| Original cataloging agency | AM-YeHGA |
| 041 1# - LANGUAGE CODE | |
| Language code of text/sound track or separate title | rus |
| Language code of original | dan |
| -- | swe |
| -- | dan |
| 090 ## - LOCALLY ASSIGNED LC-TYPE CALL NUMBER (OCLC); LOCAL CALL NUMBER (RLIN) | |
| -- | 244036 |
| 100 1# - MAIN ENTRY--PERSONAL NAME | |
| Personal name | Банг, Герман |
| Dates associated with a name | 1857-1912 |
| 245 10 - TITLE STATEMENT | |
| Title | У дороги : |
| Remainder of title | Скандинавские повести : Пер. с дат., швед., норвеж. / |
| Statement of responsibility, etc. | Г. Банг; Мужняя жена / В. Муберг; На пути к границе / Т. Стиген; Пер. Ю. Яхнина, С. Тарханова, Н. Белякова; Предисл. И.П. Куприянова,. |
| 260 ## - PUBLICATION, DISTRIBUTION, ETC. | |
| Place of publication, distribution, etc. | Москва : |
| Name of publisher, distributor, etc. | Правда, |
| Date of publication, distribution, etc. | 1982. |
| 300 ## - PHYSICAL DESCRIPTION | |
| Extent | 431 с. : |
| Other physical details | ил. ; |
| Dimensions | 21 см. |
| 440 #0 - SERIES STATEMENT/ADDED ENTRY--TITLE | |
| Title | Б-ка зарубежной классики |
| 650 14 - SUBJECT ADDED ENTRY--TOPICAL TERM | |
| Topical term or geographic name entry element | Художественная литература |
| 9 (RLIN) | 4918 |
| 700 1# - ADDED ENTRY--PERSONAL NAME | |
| Personal name | Муберг, Вильхельм |
| 700 1# - ADDED ENTRY--PERSONAL NAME | |
| Personal name | Стиген, Т. |
| 700 1# - ADDED ENTRY--PERSONAL NAME | |
| Personal name | Яхнина, Ю. |
| Relator term | пер. |
| Relationship | trl |
| 700 1# - ADDED ENTRY--PERSONAL NAME | |
| Personal name | Белякова, Н. |
| Relator term | пер. |
| Relationship | trl |
| 700 1# - ADDED ENTRY--PERSONAL NAME | |
| Personal name | Тарханова, С. |
| Relator term | пер. |
| Relationship | trl |
| 700 1# - ADDED ENTRY--PERSONAL NAME | |
| Personal name | Куприянова, И.П. |
| Relator term | авт. предисл. |
| Relationship | aui |
| 740 0# - ADDED ENTRY--UNCONTROLLED RELATED/ANALYTICAL TITLE | |
| Uncontrolled related/analytical title | Мужняя жена |
| 740 0# - ADDED ENTRY--UNCONTROLLED RELATED/ANALYTICAL TITLE | |
| Uncontrolled related/analytical title | На пути к границе |
| Withdrawn status | Lost status | Damaged status | Not for loan | Collection | Home library | Current library | Date acquired | Total checkouts | Full call number | Barcode | Date last seen | Price effective from | Koha item type | Public note |
|---|---|---|---|---|---|---|---|---|---|---|---|---|---|---|
| General | Fundamental Scientific Library | Fundamental Scientific Library | 28/12/2016 | PII/494335 | FL0241929 | 28/12/2016 | 28/12/2016 | Գրքեր / Books | 30 Days Loan |
ՀՀ Գիտությունների ազգային ակադեմիայի հիմնարար գիտական գրադարան = Fundamental Scientific Library of NAS RA
All site content, except where otherwise noted, is licensed under a